|
|
|
|
| LEADER |
00000nam0a2200000 4500 |
| 001 |
262417 |
| 005 |
20231101233642.0 |
| 010 |
|
|
|a 5737000079
|
| 020 |
|
|
|a RU
|b 88-40588
|
| 035 |
|
|
|a (RuTPU)RU\TPU\book\285400
|
| 090 |
|
|
|a 262417
|
| 100 |
|
|
|a 20140531d1988 m a0rusy5003 ca
|
| 101 |
0 |
|
|a rus
|
| 102 |
|
|
|a RU
|
| 105 |
|
|
|a ac z 001zb
|
| 200 |
1 |
|
|a Марта Александровна Игнатьева
|f В. М. Механикова
|
| 210 |
|
|
|a Ленинград
|c Художник РСФСР
|d 1988
|
| 215 |
|
|
|a 71 с.
|c ил.
|
| 320 |
|
|
|a Библиогр. в примеч.: с. 68.
|
| 600 |
|
1 |
|a Игнатьева
|b Марта Александровна
|
| 606 |
1 |
|
|a Графика
|2 stltpush
|3 (RuTPU)RU\TPU\subj\8566
|9 35956
|
| 610 |
1 |
|
|a русская советская графика
|
| 610 |
1 |
|
|a пейзаж
|
| 610 |
1 |
|
|a персоналии
|
| 610 |
1 |
|
|a биографии
|
| 610 |
1 |
|
|a жизнь
|
| 610 |
1 |
|
|a творчество
|
| 675 |
|
|
|a 76.071(092)Игнатьева
|z rus
|
| 700 |
|
1 |
|a Механикова
|b В. М.
|g Валентина Михайловна
|4 070
|
| 801 |
|
0 |
|a RU
|b RuMRKP
|c 19950417
|g psbo
|
| 801 |
|
1 |
|a RU
|b 63413507
|c 20140531
|
| 801 |
|
2 |
|a RU
|b 63413507
|c 20150226
|g RCR
|
| 942 |
|
|
|c BK
|